Socialismo. (Record no. 6412)

MARC details
000 -LEADER
fixed length control field 00575cam a22002171 4500
001 - CONTROL NUMBER
control field af 48005222
003 - CONTROL NUMBER IDENTIFIER
control field DLC
005 - DATE AND TIME OF LATEST TRANSACTION
control field 20260227110913.0
008 - FIXED-LENGTH DATA ELEMENTS--GENERAL INFORMATION
fixed length control field 880902s1944 it 000 0 ita
010 ## - LIBRARY OF CONGRESS CONTROL NUMBER
LC control number af 48005222
035 ## - SYSTEM CONTROL NUMBER
System control number (OCoLC)23518076
040 ## - CATALOGING SOURCE
Original cataloging agency DLC
Transcribing agency MiU
Modifying agency DLC
042 ## - AUTHENTICATION CODE
Authentication code premarc
050 00 - LIBRARY OF CONGRESS CALL NUMBER
Classification number HX291
Item number .M33
100 1# - MAIN ENTRY--PERSONAL NAME
Personal name Marchetti, Mario,
Dates associated with a name 1894-
245 00 - TITLE STATEMENT
Title Socialismo.
260 ## - PUBLICATION, DISTRIBUTION, ETC.
Place of publication, distribution, etc. Roma,
Name of publisher, distributor, etc. Società editrice Avanti!
Date of publication, distribution, etc. [1944]
300 ## - PHYSICAL DESCRIPTION
Extent 95 p.
Dimensions 17 cm.
650 #0 - SUBJECT ADDED ENTRY--TOPICAL TERM
Topical term or geographic name entry element Socialism
830 #0 - SERIES ADDED ENTRY--UNIFORM TITLE
Uniform title Biblioteca di propaganda socialista. Roma-Milano ;
Volume/sequential designation n. 5.

No items available.

Powered by Koha